| 000 | 00619nam a2200229Ia 4500 | ||
|---|---|---|---|
| 003 | OSt | ||
| 005 | 20220928104715.0 | ||
| 006 | a|||||r|||| 00| 0 | ||
| 007 | ta | ||
| 008 | 220927b |||||||| |||| 00| 0 eng d | ||
| 024 | _a93879 | ||
| 037 | _cTextual | ||
| 040 |
_aSDCL _cSDCL _beng |
||
| 041 |
_2eng _aeng |
||
| 082 | _aV3:24'N5, K7;1 | ||
| 100 |
_aRobson William A _9411643 |
||
| 245 | 0 | _aPolitics and government at home and abroad | |
| 260 |
_aLondon _bGeorge and Allen _c1967 |
||
| 300 |
_a299p _ccm. |
||
| 942 |
_hV3:24'N5, K7;1 _cTEXL _2CC |
||
| 999 |
_c727337 _d727337 |
||